| 000 | 02822cam a22004574i 4500 | ||
|---|---|---|---|
| 003 | PE-LiUPU | ||
| 005 | 20250731165405.0 | ||
| 008 | 151012s2015 pe grm 000 0 spa d | ||
| 035 | _a(Sirsi) a154802 | ||
| 040 |
_aPE-LiUPU _bspa _cPE-LiUPU _erda |
||
| 099 |
_aTEF 2 _bL46 2015 |
||
| 100 | 1 |
_aLeón Camacho, Anmie Nonoy _eautor |
|
| 245 | 1 |
_aFactores externos que dificultan la aplicación del proceso de atención de enfermería en los estudiantes de las especialidades en Enfermería de la Unidad de Posgrado de Ciencias de la Salud de la Universidad Peruana Unión, Lima - 2014 / _cAnmie Nonoy León Camacho. |
|
| 264 | 0 | _c2015. | |
| 300 |
_a90 hojas; _c30 cm |
||
| 336 |
_atext _2rdacontent |
||
| 337 |
_aunmediated _2rdamedia |
||
| 338 |
_avolume _2rdacarrier |
||
| 502 |
_aTesis _b(Lic.) -- _cUniversidad Peruana Unión, _d2015. |
||
| 504 | _aIncluye referencias | ||
| 520 | 3 | _aEl objetivo fue determinar el nivel de factores externos que dificultan la aplicación del PAE en los estudiantes de las especialidades en enfermería de la Unidad de Posgrado de Ciencias de la Salud de la UpeU, Lima - 2014. La metodología usada fue de diseño no experimental, enfoque cuantitativo, alcance descriptivo, corte transversal de muestreo no probabilístico por conveniencia. La muestra estuvo conformada por 170 profesionales de enfermería. Se utilizó un cuestionario modificado por las investigadoras, con una confiabilidad de 0.765. En los resultados, los profesionales de enfermería estuvieron entre desacuerdo y totalmente desacuerdo con: "las instituciones de salud donde labora el profesional de enfermería, reconoce el esfuerzo y dedicación por aplicar el PAE, 72.4%; "le alcanza el tiempo para realizar todas sus labores programadas", 73.5%; "número del profesional de enfermería que laboran en los servicios hospitalarios es suficiente para brindar un cuidado", 83%;"el profesional de enfermería tiene a cargo pocos pacientes lo cual facilita el proceso de atención a cada uno de ellos". Los aspectos mencionados dificultan la realización del PAE. La Conclusión fue que los factores externos dificultan la aplicación del PAE en un nivel medio con 47,6%. | |
| 526 | _aSEG44 | ||
| 526 | _aSEG26 | ||
| 526 | _aP151 | ||
| 526 | _aP150 | ||
| 526 | _aP149 | ||
| 526 | _aP146 | ||
| 526 | _aP145 | ||
| 526 | _aP126 | ||
| 526 | _aP125 | ||
| 526 | _aP92 | ||
| 526 | _aP75 | ||
| 526 | _aP74 | ||
| 526 | _aP27 | ||
| 526 | _aP15 | ||
| 650 | 0 | 4 |
_aEstudiantes (Universidad Peuana Unión, Unidad de Posgrado) _xEnfermería |
| 700 | 1 |
_aTarrillo Mozombite, Harvia Gaby _eautor |
|
| 596 | _a1 | ||
| 942 |
_2ddc _cTESIS |
||
| 999 |
_aTEF 2 L46 2015 _wALPHANUM _c7498 _iT01722 _d7498 _lCCODEBUL3 _mBUL _q1 _r1 _sY _tTESIS _u2015-10-12 _xSALUD _PP22 _o.STAFF. Tesis |
||
| 980 |
_81 _gALBERTO SANCHEZ Responsable de Automatización |
||